[Event "12th Forchheim Open A 2013"]
[Site "Forchheim GER"]
[Date "2013.09.28"]
[Round "2.10"]
[White "Wittmann,H"]
[Black "Kunz,K"]
[Result "0-1"]
[WhiteElo "2093"]
[BlackElo "2174"]

1.d4 Nf6 2.Nf3 e6 3.c4 b6 4.Nc3 Bb7 5.a3 d5 6.Bg5 Be7 7.Qa4+ c6 8.Bxf6 Bxf6
9.cxd5 exd5 10.e3 O-O 11.Bd3 Nd7 12.Bf5 b5 13.Qc2 g6 14.Bh3 Re8 15.O-O Nb6
16.a4 a6 17.b3 Bc8 18.Bxc8 Rxc8 19.a5 Nd7 20.b4 c5 21.Qd2 cxd4 22.exd4 Nf8
23.Nd1 Ne6 24.Ne3 Qd6 25.Rac1 Bg7 26.Rc3 Rxc3 27.Qxc3 Rd8 28.g3 h5 29.Kg2 Qe7
30.Re1 Nxd4 31.Nxd5 Qb7 32.Ne7+ Kf8 33.Re3 Nf5 34.Nxg6+ Kg8 35.Ne7+ Nxe7
36.Qe1 Ng6 37.h4 Bf6 38.Kh2 Kg7 39.Nd2 Bd4 40.Re2 Bc3 41.Qc1 Bxd2 42.Qb2+ f6
43.Rxd2 Rxd2 44.Qxd2 Ne5 45.Qd1 Ng4+ 46.Kg1 Qh1+ 47.Kxh1 Nxf2+ 48.Kg2 Nxd1  0-1

[Event "UKR-POL Academic Teams"]
[Site "Lviv UKR"]
[Date "2013.09.28"]
[Round "5"]
[White "Jakubowski,K"]
[Black "Skliarov,V"]
[Result "1-0"]
[WhiteElo "2513"]
[BlackElo "2339"]

1.d4 Nf6 2.c4 e6 3.Nf3 b6 4.Nc3 Bb4 5.Bg5 h6 6.Bh4 g5 7.Bg3 Ne4 8.Qc2 Bb7
9.e3 Bxc3+ 10.bxc3 d6 11.Bd3 f5 12.d5 Na6 13.h4 Qf6 14.Bxe4 fxe4 15.Qxe4 O-O-O
16.Qxe6+ Qxe6 17.dxe6 g4 18.Nd4 Bxg2 19.Rg1 Bf3 20.h5 Rde8 21.Bh4 Nc5 22.e7 Nd3+
23.Kd2 Ne5 24.Bf6 Rh7 25.Bxe5 dxe5 26.Nxf3 gxf3 27.e4 Rhxe7 28.Ke3 Rd7 29.Rg6 Red8
30.Kxf3 Rd3+ 31.Kg2 R8d6 32.Rg3 Kd7 33.Rg7+ Kd8 34.a4 a5 35.c5 Rf6 36.Rg6 Ke7
37.Rxf6 Kxf6 38.cxb6 cxb6 39.Rb1 Rxc3 40.Rxb6+ Kg5 41.f3 Rc5 42.Kg3 Kxh5
43.Rf6 Rc4 44.Rf5+ Kg6 45.Rxe5 Rxa4 46.Kg4 Ra1 47.Re6+ Kg7 48.Ra6 a4 49.f4 a3
50.e5 h5+ 51.Kf5 h4 52.Ra7+ Kh6 53.e6 a2 54.e7 Re1 55.Kf6 Kh5 56.Rxa2 Kg4
57.f5 h3 58.Ra4+ Kg3 59.Ra8 h2 60.Rh8  1-0

[Event "23rd EYCC Open U16 2013"]
[Site "Budva MNE"]
[Date "2013.09.29"]
[Round "1.10"]
[White "Brazdzionis,A"]
[Black "Bellahcene,B"]
[Result "0-1"]
[WhiteElo "2043"]
[BlackElo "2319"]

1.d4 Nf6 2.Nf3 e6 3.c4 b6 4.Nc3 Bb4 5.Bg5 h6 6.Bh4 g5 7.Bg3 Ne4 8.Qc2 Bb7
9.e3 d6 10.Bd3 Bxc3+ 11.bxc3 f5 12.O-O-O Nd7 13.Ne1 Qf6 14.f3 Nxg3 15.hxg3 O-O-O
16.Qa4 Kb8 17.Nc2 a5 18.Rhe1 h5 19.e4 f4 20.gxf4 Qxf4+ 21.Kb2 h4 22.e5 dxe5
23.Be4 exd4 24.cxd4 Bxe4 25.Rxe4 Qf6 26.Qc6 Nc5 27.Re3 h3 28.gxh3 Rxh3 29.Kc1 Nb7
30.c5 Qf4 31.Rd3 Nxc5 32.Ra3 Nb7 33.Kb2 Rh2 34.Rac3 Rxd4 35.Rxe6 Rb4+ 36.Rb3 Qd4+
37.Kb1 Rh1+  0-1

[Event "23rd EYCC Girls U18 2013"]
[Site "Budva MNE"]
[Date "2013.10.02"]
[Round "4.6"]
[White "Morea,G"]
[Black "Tomnikova,L"]
[Result "1/2-1/2"]
[WhiteElo "1902"]
[BlackElo "2171"]

1.d4 Nf6 2.Nf3 e6 3.c4 b6 4.Nc3 Bb7 5.Bg5 h6 6.Bh4 g5 7.Bg3 Bb4 8.e3 Ne4
9.Qc2 h5 10.Bd3 Bxc3+ 11.bxc3 Nxg3 12.hxg3 g4 13.Ne5 Qf6 14.Be4 c6 15.Qa4 Qg5
16.Rb1 f5 17.Bc2 d6 18.Nd3 Nd7 19.Qa3 c5 20.Nf4 Ke7 21.Ba4 Nf6 22.Rd1 e5
23.Nd5+ Nxd5 24.cxd5 h4 25.dxc5 hxg3 26.cxd6+ Kf7 27.Rxh8 Rxh8 28.Bb3 Rh1+
29.Ke2 Rxd1 30.Bxd1 gxf2 31.Qxa7 Qxe3+ 32.Kxe3 f1=Q 33.Qxb7+ Kg6 34.d7 Qe1+
35.Kd3 Qxd1+ 36.Kc4 Qa4+ 37.Kd3 Qd1+ 38.Kc4 Qa4+ 39.Kd3 Qd1+ 40.Kc4 Qa4+
41.Kd3 Qd1+ 42.Kc4  1/2-1/2

[Event "23rd EYCC Open U16 2013"]
[Site "Budva MNE"]
[Date "2013.10.05"]
[Round "6.23"]
[White "Brazdzionis,A"]
[Black "Machan,J"]
[Result "1/2-1/2"]
[WhiteElo "2043"]
[BlackElo "2163"]

1.d4 Nf6 2.Nf3 e6 3.c4 b6 4.Nc3 Bb4 5.Bg5 h6 6.Bh4 Bxc3+ 7.bxc3 Bb7 8.e3 d6
9.Bd3 Nbd7 10.O-O g5 11.Bg3 Ne4 12.Qc2 f5 13.d5 Ndc5 14.Nd4 Qf6 15.f3 Nxg3
16.hxg3 Bc8 17.dxe6 Nxd3 18.Qxd3 Bxe6 19.g4 O-O 20.f4 Qf7 21.Nxe6 Qxe6 22.fxg5 fxg4
23.gxh6 Qxh6 24.Qd5+ Kh8 25.Qd4+ Qg7 26.Kh2 Rxf1 27.Rxf1 Re8 28.Rf7 Qe5+
29.Qf4 Re7 30.Rxe7 Qxe7 31.Qxg4 c5 32.Qh3+ Kg8 33.Qg3+ Kh8 34.Kg1 Qe4 35.Qxd6 Qxe3+
36.Kh2 Qxc3 37.Qb8+ Kh7 38.Qxa7+ Kh8 39.Qa8+ Kh7 40.Qb7+ Kg8 41.Qb8+ Kh7
42.Qc7+ Kh8 43.Qc8+ Kg7 44.Qg4+ Kf6 45.Qh4+ Kf7 46.Qh7+ Ke8 47.Qg6+ Ke7 48.Qe4+ Kd8
49.Qd5+ Ke7 50.Qb7+ Ke8 51.Qe4+ Kd8 52.Qh4+ Ke8 53.Qh5+ Ke7 54.Qe2+ Kd8 55.g3 Qd4
56.Kh3 Qh8+ 57.Kg4 Qg7+ 58.Kh4 Qf6+ 59.Kh3 Qh6+ 60.Kg2 Qc6+ 61.Qf3 Qa4 62.Qd3+ Kc7
63.Qe2 Qc6+ 64.Kg1 Qg6 65.g4 Qg5 66.Kg2 Kb7 67.Qe4+ Ka7 68.Kg3 Qd2 69.Qf4 Qc3+
70.Kh4 Qh8+ 71.Kg5 Qg7+ 72.Kf5 Qf7+ 73.Ke5 Qe7+ 74.Kd5 Qd7+ 75.Ke4 Qb7+ 76.Ke3 Qh1
77.g5 Qe1+ 78.Kf3 Qd1+ 79.Kg3 Qd3+ 80.Kg4 Qd7+ 81.Kg3 Qd3+ 82.Kg2 Qe2+ 83.Kh3 Qd3+
84.Kg4 Qd7+ 85.Kg3 Qd3+ 86.Kf2 Qc2+ 87.Kg3  1/2-1/2

[Event "3rd Central Asia Cup"]
[Site "Dushanbe TJK"]
[Date "2013.10.13"]
[Round "2.16"]
[White "Ziyaev,N"]
[Black "Antonova,N"]
[Result "0-1"]
[WhiteElo "2140"]
[BlackElo "1944"]

1.d4 Nf6 2.Nf3 e6 3.c4 b6 4.Nc3 Bb7 5.g3 c5 6.d5 exd5 7.cxd5 d6 8.Bg2 g6
9.O-O Bg7 10.e4 O-O 11.Re1 Nbd7 12.Bf4 Ne8 13.Bg5 f6 14.Be3 Ne5 15.Nd2 Nd3
16.Rf1 Ba6 17.Qa4 Nc7 18.Rfb1 b5 19.Qc2 Ne5 20.Bf1 Qd7 21.Nd1 f5 22.Bf4 fxe4
23.Bxe5 Bxe5 24.Ne3 Bb7 25.a4 a6 26.Nxe4 Bd4 27.Bg2 Rae8 28.axb5 Nxb5 29.Re1 Bg7
30.Ng5 Nd4 31.Qd1 Qe7 32.h4 Bc8 33.Qd3 Qf6 34.f4 h6 35.Ne6 Nxe6 36.dxe6 Qxb2
37.Qxd6 Bd4 38.Rad1 Bxe6 39.Kh1 Bf7 40.Ng4 Bg7 41.Rxe8 Rxe8 42.h5 gxh5 43.Nxh6+ Bxh6
44.Qxh6 c4 45.Bd5 Re1+  0-1

[Event "3rd Central Asia Cup"]
[Site "Dushanbe TJK"]
[Date "2013.10.14"]
[Round "3.18"]
[White "Shyngys Kyzy,A"]
[Black "Saydaliev,Saidakbar"]
[Result "0-1"]
[WhiteElo "1796"]
[BlackElo "2024"]

1.Nf3 Nf6 2.d4 e6 3.c4 b6 4.Nc3 Bb7 5.Bf4 Bb4 6.a3 Bxc3+ 7.bxc3 Ne4 8.Qc2 O-O
9.e3 d6 10.Bd3 f5 11.h4 Nd7 12.Ng5 Nxg5 13.Bxg5 Qe8 14.f3 h6 15.Bf4 e5 16.Bh2 exd4
17.Bf4 dxe3 18.O-O Qh5 19.Bxe3 Qxh4 20.Bxf5 Ne5 21.Bd4 Qg3 22.Be4 Bxe4 23.Qxe4 Rae8
24.Qb7 c5 25.Bxe5 Rxe5 26.Qxa7 Re2  0-1

[Event "TCh-Belgrade Premier liga 2013"]
[Site "Belgrade SRB"]
[Date "2013.10.19"]
[Round "8.1"]
[White "Milicevic,A"]
[Black "Govedarica,R"]
[Result "0-1"]
[WhiteElo "2192"]
[BlackElo "2419"]

1.d4 Nf6 2.c4 e6 3.Nf3 b6 4.Nc3 Bb7 5.e3 Bb4 6.Bd2 O-O 7.Bd3 d5 8.O-O c5
9.a3 Bxc3 10.Bxc3 cxd4 11.Bxd4 dxc4 12.Bxc4 Nc6 13.Bc3 Ne4 14.Rc1 Rc8 15.Bd3 Nxc3
16.Rxc3 Ne7 17.Rxc8 Qxc8 18.Qe2 g6 19.Rd1 Rd8 20.Bb5 Nf5 21.h3 Rxd1+ 22.Qxd1 Bxf3
23.Qxf3 Qc1+ 24.Bf1 Qxb2 25.Qa8+ Kg7 26.Qxa7 Nd6 27.Qa4 e5 28.Qb4 Qxb4 29.axb4 Kf6
30.Be2 e4 31.Kf1 Nc8 32.Ke1 Ne7 33.Bc4 Nc6 34.b5 Nd8 35.Kd2 Ke5 36.Kc3 g5
37.g4 h6 38.Bb3 f6 39.Bc4 Nb7  0-1

[Event "TCh-Belgrade Premier liga 2013"]
[Site "Belgrade SRB"]
[Date "2013.10.20"]
[Round "9.1"]
[White "Djuric,S"]
[Black "Popovic,AM"]
[Result "1/2-1/2"]
[WhiteElo "2442"]
[BlackElo "2281"]

1.d4 Nf6 2.c4 e6 3.Nf3 b6 4.Nc3 Bb4 5.Qc2 Bb7 6.a3 Bxc3+ 7.Qxc3 d6 8.g3 Nbd7
9.Bg2 c5 10.O-O cxd4 11.Qxd4 Nc5 12.Nd2 Bxg2 13.Kxg2 a5 14.b4 e5 15.Qc3 Na4
16.Qc2 Qd7 17.Nf3 O-O 18.Bg5 Rfc8 19.Rfd1 Ne8 20.Nxe5 Qe6 21.Nf3 axb4 22.axb4 Rxc4
23.Qd2 Qe4 24.b5  1/2-1/2

[Event "14th Liberec Open"]
[Site "Liberec CZE"]
[Date "2013.10.29"]
[Round "5.29"]
[White "Pribylova,Sofie"]
[Black "Litvinova,O"]
[Result "1-0"]
[WhiteElo "1487"]
[BlackElo "1726"]

1.d4 Nf6 2.c4 e6 3.Nf3 b6 4.Nc3 Bb4 5.Qc2 Bb7 6.a3 Bxc3+ 7.Qxc3 d5 8.c5 Nc6
9.Bg5 h6 10.Bxf6 Qxf6 11.e3 O-O 12.Bd3 Rac8 13.O-O Rfe8 14.Rac1 e5 15.dxe5 Nxe5
16.Nxe5 Rxe5 17.c6 Ba8 18.b4 Rd8 19.b5 h5 20.a4 d4 21.exd4 Red5 22.Rcd1 Rxd4
23.Qc2 h4 24.h3 Qf4 25.Rfe1 Qd6 26.Bh7+ Kh8 27.Rxd4 Qxd4 28.Bf5 g6 29.Bd7 Kg7
30.Re2 Rxd7 31.cxd7 Qxd7 32.Qd2 Qf5 33.Qc3+ Kh6 34.Qh8+ Kg5 35.Re5  1-0

[Event "3rd Panama Open"]
[Site "Panama City PAN"]
[Date "2013.10.31"]
[Round "2.1"]
[White "Bruzon Batista,L"]
[Black "Ynojosa,F"]
[Result "1/2-1/2"]
[WhiteElo "2685"]
[BlackElo "2448"]

1.d4 Nf6 2.c4 e6 3.Nf3 b6 4.Nc3 Bb4 5.Qb3 c5 6.Bg5 h6 7.Bh4 Bb7 8.e3 g5 9.Bg3 Ne4
10.Bd3 Nxg3 11.hxg3 Qf6 12.d5 d6 13.O-O-O Bxc3 14.Qxc3 e5 15.Nd2 Nd7 16.Ne4 Qe7
17.g4 Nf6 18.f3 Nxe4 19.Bxe4 Bc8 20.Rh5 Qf6 21.Rdh1 Bd7  1/2-1/2

[Event "Texas Collegiate 2013"]
[Site "Houston USA"]
[Date "2013.11.10"]
[Round "5"]
[White "Hernandez Carmenates,Hold"]
[Black "Moradiabadi,E"]
[Result "0-1"]
[WhiteElo "2542"]
[BlackElo "2559"]

1.d4 Nf6 2.c4 e6 3.Nf3 b6 4.Nc3 Bb4 5.e3 Bb7 6.Bd3 O-O 7.O-O c5 8.Na4 cxd4
9.exd4 Re8 10.a3 Bf8 11.Bg5 d6 12.Nc3 Nbd7 13.Ne1 a6 14.Nc2 Qc7 15.Ne3 g6
16.d5 Bg7 17.dxe6 fxe6 18.Rc1 Nc5 19.b4 Nxd3 20.Qxd3 Rad8 21.Qd4 Rf8 22.Qh4 Rde8
23.Bh6 Nh5 24.Bxg7 Qxg7 25.Rfd1 Rf4 26.Qh3 Qf6 27.g3 Rxc4 28.Nxc4 Qf3 29.Nd5 Bxd5
30.Rxd5 Nf4 31.Qf1 Ne2+ 32.Qxe2 Qxe2 33.Rd2 Qf3 34.Rcd1 d5 35.Rd3 Qe2 36.Nxb6 Rf8
37.R1d2 Qe1+ 38.Kg2 Qe4+ 39.Kg1 Rf3 40.Rd4 Qe1+ 41.Kg2 Rxa3 42.Nd7 Ra1 43.Kh3 Rc1
44.f4 Rc4 45.R4d3 Qf1+ 46.Kg4 Kg7 47.Ne5 Re4 48.Nf3 Kf6 49.Rd1 Qg2 50.Rg1 h5+
51.Kh4  0-1

[Event "2nd Crimea Autumn 2013"]
[Site "Simferopol UKR"]
[Date "2013.11.18"]
[Round "7"]
[White "Ajrapetjan,Y"]
[Black "Kurbedinov,R"]
[Result "1/2-1/2"]
[WhiteElo "2502"]
[BlackElo "2331"]

1.d4 Nf6 2.c4 e6 3.Nf3 b6 4.Nc3 Bb4 5.Qc2 Bb7 6.Bg5 O-O 7.e3 h6 8.Bh4 d6
9.Be2 Nbd7 10.O-O Bxc3 11.Bxf6 Nxf6 12.Qxc3 Qe7 13.Nd2 c5 14.Rfd1 cxd4 15.exd4 Rfc8
16.Qa3 Rc7 17.Rac1 Rac8 18.b4 Kf8 19.Nb3 Nd7 20.Bf1 Qg5 21.Rc3 Rxc4 22.Rxc4 Rxc4
23.Qxa7 Qd5 24.f3 Rc2 25.Qa4 Qc6 26.Qxc6 Bxc6 27.Rc1 Rxc1  1/2-1/2

[Event "Chennai GM Open 2013"]
[Site "Chennai IND"]
[Date "2013.11.19"]
[Round "6.14"]
[White "Borovikov,V"]
[Black "Kumaran,B"]
[Result "1/2-1/2"]
[WhiteElo "2558"]
[BlackElo "2208"]

1.d4 Nf6 2.Nf3 e6 3.c4 b6 4.Nc3 Bb7 5.Bg5 Be7 6.e3 O-O 7.Be2 d5 8.Bxf6 Bxf6
9.cxd5 exd5 10.O-O Nc6 11.Qa4 Ne7 12.Ba6 Bxa6 13.Qxa6 c5 14.Rfd1 Qc8 15.Qb5 Rb8
16.Rac1 a6 17.Qe2 Qb7 18.b3 Rbc8 19.Qd2 Rfd8 20.dxc5 Bxc3 21.Rxc3 Rxc5 22.Rdc1 Rdc8
23.b4 Rxc3 24.Rxc3 Rxc3 25.Qxc3 Qc6 26.Qb2 f6 27.h3 Qc4 28.a3 Nf5 29.Nd2 Qc6
30.Qb1 Nd6 31.Qd3 b5 32.Qd4 Ne4 33.Nxe4 dxe4 34.g4 Qc1+ 35.Kg2 Qxa3 36.Qxe4 h6
37.Qe8+ Kh7 38.Qe4+  1/2-1/2

[Event "ch-VIE 2013"]
[Site "Ho Chi Minh City VIE"]
[Date "2013.11.20"]
[Round "3.5"]
[White "Nguyen Tan Thinh"]
[Black "Cao,S"]
[Result "1-0"]
[WhiteElo "1958"]
[BlackElo "2499"]

1.d4 Nf6 2.Nf3 e6 3.c4 b6 4.Nc3 Bb4 5.Qc2 Bb7 6.e3 c5 7.Be2 cxd4 8.exd4 O-O
9.O-O Be7 10.a3 d5 11.b3 Nc6 12.Rd1 Rc8 13.Bg5 Na5 14.Ne5 h6 15.Bh4 Ba6 16.Qa2 Qc7
17.Bg3 Qd8 18.Rac1 dxc4 19.bxc4 Qe8 20.a4 Bb7 21.d5 Bc5 22.Bf3 Nd7 23.Nxd7 Qxd7
24.Ne4 Rfe8 25.h3 Bf8 26.Bf4 e5 27.Bd2 f5 28.Bxa5 bxa5 29.c5 Qf7 30.Nd6 Bxd6
31.cxd6 e4 32.Bh5 Qxh5 33.d7 Rcd8 34.dxe8=Q+ Rxe8 35.d6+ Kh7 36.d7 Rd8 37.Qe6 Qg5
38.Rc5 e3 39.Qxf5+ Qxf5 40.Rxf5 e2 41.Re1 Rxd7 42.Rxe2 Rd6 43.Rxa5 Rg6 44.f4 a6
45.Rc5 Bc6 46.f5 Rd6 47.a5 Kg8 48.Kh2 Bd7 49.Rb2 Bb5 50.Rc7 Rf6 51.g4 Rd6
52.Rb3 Rd2+ 53.Kg3 Re2 54.Kf4 Ra2 55.Re3 Ra4+ 56.Re4 Rxa5 57.Ree7 Ra4+ 58.Ke5 Bc4
59.Rxg7+ Kf8 60.Ke4  1-0

[Event "Chennai GM Open 2013"]
[Site "Chennai IND"]
[Date "2013.11.22"]
[Round "10.9"]
[White "Mirzoev,A"]
[Black "Swayams,M"]
[Result "1-0"]
[WhiteElo "2519"]
[BlackElo "2435"]

1.d4 e6 2.Nf3 Nf6 3.c4 b6 4.Nc3 Bb7 5.Bg5 h6 6.Bh4 Bb4 7.Nd2 c5 8.a3 Bxc3
9.bxc3 d6 10.f3 Nbd7 11.e4 e5 12.Bd3 Qe7 13.O-O g5 14.Bf2 Nf8 15.Re1 Qc7
16.a4 a5 17.Nf1 Ne6 18.Ne3 Nf4 19.Bf1 Bc8 20.Rb1 Bd7 21.Rb2 Rb8 22.Rd2 Kf8
23.Qc2 Kg7 24.Red1 Ra8 25.Rb1 Rab8 26.Qd1 Rhd8 27.Kh1 Ng6 28.g3 Be6 29.Kg1 Bd7
30.Bd3 Be6 31.Qf1 Kh8 32.Rbd1 Bd7 33.Ra1 Kg7 34.Be2 Be6 35.Kg2 Qc8 36.Rb2 Qc7
37.Ra3 Rb7 38.Rab3 Rdb8 39.dxc5 dxc5 40.Nd5 Nxd5 41.cxd5 Bd7 42.Bb5 c4 43.Ra3 Ne7
44.Ba6 Nc8 45.Bxb7 Rxb7 46.Ra1 f6 47.g4 Be8 48.h4 Bg6 49.hxg5 hxg5 50.Be3 Qd6
51.Qg1 Be8 52.Kg3 Kg8 53.Bc5 Qc7 54.Rab1 Bxa4 55.Bxb6 Qd7 56.Bxa5 Bb3 57.Bb4 Ra7
58.Ra1 Rxa1 59.Qxa1 Nd6 60.Qa6 Nc8 61.Qxf6  1-0

[Event "St Louis Classic GM 2013"]
[Site "Saint Louis USA"]
[Date "2013.11.23"]
[Round "3.5"]
[White "Yang,Dar"]
[Black "Diamant,A"]
[Result "1/2-1/2"]
[WhiteElo "2482"]
[BlackElo "2465"]

1.d4 Nf6 2.c4 e6 3.Nf3 b6 4.Nc3 Bb7 5.a3 d5 6.Bg5 Be7 7.e3 O-O 8.Rc1 c5 9.dxc5 bxc5
10.cxd5 exd5 11.Be2 Nbd7 12.O-O h6 13.Bh4 Rc8 14.Qc2 d4 15.Bxf6 Bxf6 16.Nd1 Nb6
17.b3 Re8 18.Nd2 Nd5 19.Nc4 Bg5 20.Bd3 dxe3 21.Ndxe3 Nxe3 22.fxe3 Qe7 23.Rce1 Rcd8
24.Kh1 Qe6 25.Bf5 Qe7 26.Bd3 Qe6 27.Bf5 Qe7 28.Bd3 Be4 29.Bxe4 Qxe4 30.Qxe4 Rxe4
31.Rd1 Rxd1 32.Rxd1 f5 33.g3 Bxe3 34.Nd6 Rd4 35.Rxd4 cxd4 36.Nxf5 Bc1 37.Nxd4 Bxa3
38.Kg2 Kf7  1/2-1/2

[Event "TCh-CZE Vychod 2013-14"]
[Site "Czech Rep CZE"]
[Date "2013.11.24"]
[Round "3.6"]
[White "Vesely,Ma"]
[Black "Dobes,V"]
[Result "1/2-1/2"]
[WhiteElo "2156"]
[BlackElo "2116"]

1.d4 Nf6 2.Nf3 e6 3.c4 b6 4.Nc3 Bb4 5.Bg5 Bb7 6.Qb3 Bxc3+ 7.Qxc3 h6 8.Bxf6 Qxf6
9.Nd2 c5 10.e3 O-O 11.Bd3 cxd4 12.exd4 d5 13.O-O dxc4 14.Nxc4 Rd8 15.Ne5 Qe7
16.Rad1 Rc8 17.Qd2 Nc6 18.Bb1 Nxe5 19.dxe5 Rd8 20.Qc2 g6 21.f4 Rac8 22.Rxd8+ Rxd8
23.h3 Qd7 24.Kh2 Qd5 25.Rf2 Kg7 26.h4 Rc8 27.Qd3 Qxd3 28.Bxd3  1/2-1/2

[Event "XXVII Belgrade Trophy"]
[Site "Obrenovac SRB"]
[Date "2013.11.26"]
[Round "3.15"]
[White "Damljanovic,B"]
[Black "Zarkovic,M"]
[Result "1-0"]
[WhiteElo "2569"]
[BlackElo "2082"]

1.d4 Nf6 2.c4 e6 3.Nf3 b6 4.Nc3 Bb7 5.Bg5 h6 6.Bxf6 Qxf6 7.e4 Qd8 8.Bd3 d6
9.O-O Be7 10.Bc2 Nd7 11.Qd3 Bf6 12.Rad1 e5 13.dxe5 Bxe5 14.Nxe5 Nxe5 15.Qd4 O-O
16.f4 c5 17.Qf2 Nxc4 18.e5 Qc8 19.Qe2 Nxb2 20.Rxd6 c4 21.h3 Qc5+ 22.Kh2 Rad8
23.Ne4 Bxe4 24.Qxe4 Nd3 25.Bxd3 cxd3 26.Qxd3 Rxd6 27.exd6 Rd8 28.Rd1 Rd7
29.Kg3 g6 30.Rd2 b5 31.Kf3 a6 32.g4 Kg7 33.h4 f6 34.f5 g5 35.hxg5 hxg5 36.Qe3 Qb4
37.Rd3 Qb2 38.Rd2 Qb4 39.Qd4 Qb1 40.Qd5 Qh1+ 41.Ke3 Qg1+ 42.Kf3 Qh1+ 43.Ke3 Qg1+
44.Kd3 Qxg4 45.Kc3 Qg1 46.Rd4 Qb1 47.Re4 a5  1-0

[Event "XXVII Belgrade Trophy"]
[Site "Obrenovac SRB"]
[Date "2013.11.29"]
[Round "6.34"]
[White "Injac,Teodora"]
[Black "Illijin,N"]
[Result "1/2-1/2"]
[WhiteElo "1801"]
[BlackElo "2175"]

1.d4 Nf6 2.Nf3 e6 3.c4 b6 4.Nc3 Bb7 5.e3 Bb4 6.Bd3 c5 7.O-O Bxc3 8.bxc3 d6
9.Qe2 Nbd7 10.e4 e5 11.d5 h6 12.Nh4 g6 13.g3 Qe7 14.Rb1 O-O-O 15.a4 a5 16.Ng2 Rde8
17.Re1 Kc7 18.Bd2 Nh5 19.f4 Ng7 20.Qf2 g5 21.f5 f6 22.Be2 Ba6 23.Qf1 Qf7
24.Rb2 Rhg8 25.Ne3 h5 26.h3 h4 27.g4 Rb8 28.Reb1  1/2-1/2

[Event "XXVII Belgrade Trophy"]
[Site "Obrenovac SRB"]
[Date "2013.11.30"]
[Round "7.38"]
[White "Stojkovic,Mil SCG"]
[Black "Nestorovic,L"]
[Result "0-1"]
[WhiteElo "1927"]
[BlackElo "2387"]

1.d4 Nf6 2.Nf3 e6 3.c4 b6 4.Nc3 Bb7 5.Bg5 Bb4 6.e3 Bxc3+ 7.bxc3 d6 8.Bd3 Nbd7
9.O-O h6 10.Bh4 Qe7 11.e4 g5 12.Bg3 Nxe4 13.Bxe4 Bxe4 14.Re1 Bb7 15.d5 e5
16.Nd4 Nc5 17.a4 a5 18.Qc2 O-O-O 19.f3 Qf6 20.Nb5 Qg6 21.Qa2 Nd3 22.Reb1 g4
23.Qb3 Rd7 24.Na7+ Kd8 25.Nc6+ Bxc6 26.dxc6 Re7 27.Qb5 gxf3 28.Qa6 Qg4 29.gxf3 Qc8
30.Qb5 Rg8 31.c5 Nxc5 32.Kh1 Rxg3 33.hxg3 Qh3+ 34.Kg1 Qxg3+ 35.Kf1 Qxf3+
36.Ke1 Qxc3+ 37.Ke2 f5 38.Re1 f4  0-1

[Event "XXVII Belgrade Trophy"]
[Site "Obrenovac SRB"]
[Date "2013.12.02"]
[Round "9.8"]
[White "Damljanovic,B"]
[Black "Mladenovic,St"]
[Result "1/2-1/2"]
[WhiteElo "2569"]
[BlackElo "2274"]

1.d4 Nf6 2.c4 e6 3.Nf3 b6 4.Nc3 Bb4 5.Bg5 Bb7 6.Nd2 h6 7.Bh4 g5 8.Bg3 Bxc3
9.bxc3 d6 10.f3 Qe7 11.e4 e5 12.h4 Rg8 13.hxg5 hxg5 14.c5 dxc5 15.dxe5 Nfd7
16.e6 Qxe6 17.Bxc7 Ba6 18.Bxb8 Bxf1 19.Nxf1 Nxb8 20.Ne3 Nc6 21.Nf5 Rd8 22.Qa4 Qd7
23.Rh6 Ne5 24.Nd6+ Kf8 25.Qa6 Ng6 26.O-O-O Qe6 27.Nf5 Rxd1+ 28.Kxd1 Qd7+
29.Kc2 Rh8 30.Rxh8+ Nxh8 31.Qd3 Ke8 32.e5 Qxd3+ 33.Kxd3 Ng6 34.Ke4 Kd7 35.g3 b5
36.Nh6 b4 37.cxb4 cxb4 38.Nxf7 a5 39.Kd5 a4 40.e6+ Ke7 41.Nd6 b3 42.axb3 axb3
43.Nc4 Nf8 44.Ke5 Nxe6 45.Nb2 Kf7 46.Nd1 Ng7 47.Nb2  1/2-1/2

[Event "XXVII Belgrade Trophy"]
[Site "Obrenovac SRB"]
[Date "2013.12.02"]
[Round "9.15"]
[White "Danov,Lyubomir"]
[Black "Rajkovic,Du"]
[Result "1-0"]
[WhiteElo "2178"]
[BlackElo "2389"]

1.d4 Nf6 2.c4 e6 3.Nf3 b6 4.Nc3 Bb4 5.Qb3 c5 6.Bg5 Nc6 7.d5 Na5 8.Qc2 h6
9.Bh4 Nxc4 10.O-O-O Bxc3 11.Qxc3 b5 12.e4 Qc7 13.d6 Nxd6 14.e5 Nde4 15.Qe3 c4
16.exf6 Nxf6 17.Qd4 Nh5 18.Ne5 O-O 19.Be2 f6 20.Ng6  1-0

[Event "5th Penang Open 2013"]
[Site "George Town MAS"]
[Date "2013.12.13"]
[Round "8.19"]
[White "Aris,T"]
[Black "Kamarunsalehin,A"]
[Result "1-0"]
[WhiteElo "2173"]
[BlackElo "1902"]

1.d4 Nf6 2.Nf3 e6 3.c4 b6 4.Nc3 Bb7 5.Qc2 d5 6.Bg5 Be7 7.e3 Nbd7 8.Bd3 dxc4
9.Bxc4 h6 10.Bh4 O-O 11.O-O c5 12.Rfd1 Qc8 13.Bb5 Rd8 14.Rac1 cxd4 15.Nxd4 a6
16.Be2 Nf8 17.Qb3 Ng6 18.Bg3 Qc5 19.Na4 Qd5 20.Qxd5 Nxd5 21.Bh5 b5 22.Nc5 Bxc5
23.Rxc5 Nge7 24.Bf3 b4 25.e4 Nf6 26.Rc7 Rd7 27.Rxd7 Nxd7 28.Nxe6 Nf6 29.Nc5 Bc6
30.Rd4 Rc8 31.Bd6 Ng6 32.Rxb4 Nd7 33.Nxd7 Bxd7 34.Rb8 Rxb8 35.Bxb8 Ne7 36.Bd6 Kf8
37.Kf1 Ke8 38.Ke2 Nc6 39.Ke3 Be6 40.b3 Kd7 41.Bf8 g6 42.Be2 a5 43.f4 Ke8
44.Bc5 Kd8 45.Kd3 Kc7 46.Kc3 Kb7 47.Bd3 f5 48.exf5 gxf5 49.a3 Bd5 50.g3 Be6
51.b4 axb4+ 52.axb4 Nxb4 53.Bxb4 Kc6 54.Kd4  1-0

[Event "SportAccord Blitz Women 2013"]
[Site "Beijing CHN"]
[Date "2013.12.14"]
[Round "10.5"]
[White "Cramling,P"]
[Black "Dzagnidze,N"]
[Result "1-0"]
[WhiteElo "2525"]
[BlackElo "2557"]

1.d4 Nf6 2.Nf3 e6 3.c4 b6 4.Nc3 Bb4 5.e3 Bb7 6.Bd3 O-O 7.O-O Bxc3 8.bxc3 Be4
9.Be2 d6 10.Nd2 Bb7 11.f3 c5 12.e4 Nc6 13.Nb3 Qe7 14.Be3 h6 15.Qd2 cxd4 16.cxd4 e5
17.d5 Nb8 18.a4 Nbd7 19.a5 Rfc8 20.a6 Bxa6 21.Rxa6 Nb8 22.Ra2 Qb7 23.Rb1 Nbd7
24.Na5 Qc7 25.Nc6 Nb8 26.Nxb8 Raxb8 27.Ra6 Nd7 28.Rba1 Rb7 29.R6a4 a5 30.Rb1 Rbb8
31.Rb5 Rb7 32.Ra2 Ra8 33.Ra4 Rc8 34.Bf1 Rcb8 35.g3 Nf6 36.Ra1 Ne8 37.Rab1 Nf6
38.Qb2 Nd7 39.Qb3 Ra8 40.Qa4 Rc8 41.Bh3 Qxc4 42.Qxc4 Rxc4 43.Bxd7 Rxd7 44.Rxb6 Rc3
45.Kf2 Rc2+ 46.Kf1 Rxh2 47.Rb8+ Kh7 48.R1b7 Rxb7 49.Rxb7 a4 50.Ra7 Ra2 51.Rxf7 Ra1+
52.Ke2 Ra2+ 53.Bd2 a3 54.Ra7 Ra1 55.Ra6 a2 56.g4 Kg8 57.Ra7 Kh7 58.Be1 Kg6
59.Bd2 Kf6 60.Ra6 Ke7 61.Be1 g6 62.Bd2 h5 63.gxh5 gxh5 64.Bb4 Rb1 65.Bxd6+ Kd7
66.Bxe5 h4 67.Ra7+ Kc8 68.d6 Rb7 69.Rxb7 Kxb7 70.Kf2 Kc6 71.Kg2 Kd7 72.Kh3 Ke6
73.Ba1  1-0

[Event "Moscow Cup Final 2013"]
[Site "Moscow RUS"]
[Date "2013.12.14"]
[Round "8.5"]
[White "Babikov,I"]
[Black "Tarasov,Alexandr"]
[Result "1/2-1/2"]
[WhiteElo "2284"]
[BlackElo "2184"]

1.d4 Nf6 2.Nf3 e6 3.c4 b6 4.Nc3 Bb4 5.e3 O-O 6.Bd3 d5 7.O-O Bb7 8.cxd5 exd5
9.Ne5 Nbd7 10.Qc2 a6 11.f4 Re8 12.Ne2 Bf8 13.g4 c5 14.Ng3 cxd4 15.exd4 Rc8
16.Qg2 g6 17.g5 Nxe5 18.fxe5 Ne4 19.Be3 Nxg3 20.Qxg3 Rc7 21.Rf2 Bc8 22.Raf1 b5
23.h4 Be6 24.h5 Bg7 25.Qh4 Qc8 26.Rh2 Bf5 27.Bxf5 gxf5 28.Rhf2 Rc4 29.Rxf5 Rxe5
30.Rxe5 Bxe5 31.g6 fxg6 32.hxg6 hxg6 33.Qg5 Bg7 34.Qxg6 Rc6 35.Qf7+ Kh7 36.Qh5+ Kg8
37.Qxd5+ Qe6 38.Qd8+ Kh7 39.Qh4+ Kg8 40.Rf3 Qg6+ 41.Qg3 Qe4 42.Qb8+ Kh7 43.Rh3+ Kg6
44.Qg3+ Kf7 45.Qf3+ Qxf3 46.Rxf3+ Ke6 47.Rg3 Bf6 48.Rg2 Kd5 49.Rd2 Re6 50.Bf2 Re4  1/2-1/2

[Event "SportAccord Blitz Women 2013"]
[Site "Beijing CHN"]
[Date "2013.12.16"]
[Round "22.3"]
[White "Cramling,P"]
[Black "Zhao Xue"]
[Result "1-0"]
[WhiteElo "2525"]
[BlackElo "2568"]

1.d4 Nf6 2.Nf3 e6 3.c4 b6 4.Nc3 Bb7 5.a3 d5 6.Bf4 Be7 7.e3 O-O 8.h3 a5 9.Be2 Na6
10.O-O c5 11.Rc1 h6 12.Be5 Nd7 13.Bg3 Nf6 14.Be5 Rc8 15.Bxf6 Bxf6 16.cxd5 cxd4
17.exd4 exd5 18.Nb5 Nc7 19.Na7 Ra8 20.Nc6 Qd6 21.Nce5 Ne6 22.Re1 h5 23.Bb5 Rfc8
24.Qd3 Rxc1 25.Rxc1 Rc8 26.Rxc8+ Bxc8 27.Be8 Nd8 28.Bb5 Qc7 29.Qd2 Bf5 30.Qf4 Be4
31.Qd2 Ne6 32.Be8 Nd8 33.Bb5 Kf8 34.Nd7+ Ke7 35.Nxf6 Kxf6 36.Qg5+ Ke6 37.Qxg7 Qc1+
38.Kh2 Bxf3 39.Qe5+  1-0

[Event "SportAccord Blitz Women 2013"]
[Site "Beijing CHN"]
[Date "2013.12.16"]
[Round "26.5"]
[White "Cramling,P"]
[Black "Koneru,H"]
[Result "1-0"]
[WhiteElo "2525"]
[BlackElo "2607"]

1.d4 e6 2.Nf3 Nf6 3.c4 b6 4.Nc3 Bb4 5.e3 Bb7 6.Bd3 Ne4 7.Qc2 f5 8.O-O Bxc3
9.bxc3 O-O 10.Nd2 Qh4 11.f3 Nxd2 12.Bxd2 d6 13.Rae1 Nd7 14.e4 f4 15.e5 dxe5
16.Be4 c6 17.c5 Rf6 18.Re2 Rh6 19.h3 bxc5 20.Qa4 cxd4 21.cxd4 Nb6 22.Qa5 exd4
23.Rc1 Rh5 24.Qa3 Rb5 25.Qd6 Qf6 26.Qxf4 Qxf4 27.Bxf4 e5 28.Bg3 Rc8 29.Rec2 Nd5
30.Bxe5 Ne3 31.Rc5 Rxc5 32.Rxc5 Rd8 33.Bd3 Kf7 34.Ra5 Ke6 35.Bg3 a6 36.Bf2 h6
37.h4 Rd5 38.Ra3 c5 39.Bxe3 dxe3 40.Bc4 Ke5 41.Bxd5 Bxd5 42.Rxe3+ Kd4 43.Ra3 c4
44.Kf2 c3 45.Ke2 Bc4+ 46.Kd1 Kd3 47.g4 Bd5 48.f4 Bf3+ 49.Kc1 Bxg4 50.Rxa6 Ke4
51.Ra4+ Kd3 52.Ra7 g6 53.Ra6 Bf5 54.a4 Kc4 55.Ra7 Kb4 56.a5 Kb5 57.a6 h5
58.Rc7 Kxa6 59.Rxc3 Kb5 60.Kd2 Kb4 61.Rc7 Kb5 62.Ke3 Kb6 63.Rc3 Kb5 64.Kd4 Kb4
65.Rc7 Kb5 66.Ke5 Kb6 67.Rc3 Kb7 68.Kf6 Kb6 69.Rc1 Kb5 70.Kg7 Kb4 71.Rc6 Kb5
72.Rxg6  1-0